Frankfurter Geschäfte /

La serie El lugar del crimen (Tatort DaF Hörkrimi) es una colección de lecturas breves de género negro de nivel básico, para aprender alemán como segunda lengua. Cada tomo de la serie, presentado en formato de novela, incluye ejercicios de gramática y un disco compacto de audio con la narración del...

Descripción completa

Guardado en:
Detalles Bibliográficos
Autor principal: Baier, Gabi (autor)
Formato: Libro
Idioma:Alemán
Publicado: Stuttgart, Alemania : Klett, 2011, c2011
Colección:(Tatort DaF Hörkrimi. A2B1)
Temas:
Etiquetas: Agrega una etiqueta
Sin etiquetas, Sé el primero en etiquetar este registro!

MARC

LEADER 00000nam^a2200000^a^4500
001 000349593
005 20250521000000.0
009 20260310114915.387
020 |a 978-3-12-556022-2 
037 |a Acervo ITESO - Biblioteca 
041 |a ALE 
082 |a 435.  |b TAT A2B1 V. 2 
100 |a Baier, Gabi  |e (autor) 
240 1 1 |a [Tatort DaF Hörkrimi] 
245 1 0 |a Frankfurter Geschäfte /  |c G. Baier. 
264 4 |a Stuttgart, Alemania :  |b Klett,  |c 2011, c2011 
300 |a 48 p. +  |e 1 disco compacto sonoro 
336 |a texto  |b txt  |2 rdacontenido 
337 |a sin mediación  |b n  |2 rdamedio 
338 |a volumen  |b nc  |2 rdasoporte 
440 1 |a (Tatort DaF Hörkrimi.  |p A2B1) 
520 |a La serie El lugar del crimen (Tatort DaF Hörkrimi) es una colección de lecturas breves de género negro de nivel básico, para aprender alemán como segunda lengua. Cada tomo de la serie, presentado en formato de novela, incluye ejercicios de gramática y un disco compacto de audio con la narración del texto y lecciones de escucha. 
521 |a FIL 2014 Centro de Lenguas 
649 |a XX 
650 |a Alemán -  |x Estudio y Enseñanza -  |x Tema Principal 
650 |a Alemán como Lengua Extranjera -  |x Estudio y Enseñanza -  |x Tema Principal 
650 |a Novela Alemana 
650 |a Literatura Alemana -  |y Siglo XXI 
910 |a Fondo General 
920 |a Impresos - Libros 
930 |a Colección General 
905 |a 101 
901 |a 0500240061  |b IT1  |c LEN  |i C143988  |u 20250521 
902 |a https://opac.biblio.iteso.mx/vufind/Record/000349593